| 000 | 00691cam a2200241 4500500 | ||
|---|---|---|---|
| 005 | 20260405003351.0 | ||
| 041 | _afre | ||
| 042 | _adc | ||
| 100 | 1 | 0 |
_aPortevin, Catherine _eauthor |
| 245 | 0 | 0 | _aPendant que j’y pense/Octobre 2021 |
| 260 | _c2021. | ||
| 500 | _a95 | ||
| 690 | _aAngoisse | ||
| 690 | _aAstrophysique | ||
| 690 | _aCatherine Portevin | ||
| 690 | _aChangement climatique | ||
| 690 | _aClimat | ||
| 690 | _aEspace | ||
| 690 | _aTerre | ||
| 690 | _aVivant | ||
| 786 | 0 | _nPhilosophie magazine | 153 | 10 | 2021-10-01 | p. 58-58 | 1951-1787 | |
| 856 | 4 | 1 | _uhttps://shs.cairn.info/magazine-philosophie-magazine-2021-10-page-58?lang=fr&redirect-ssocas=7080 |
| 999 |
_c2066877 _d2066877 |
||